000 01915nam2a2200289 4500
001 RU\NLR\BIBL_A\010002024
005 20260406124224.0
010 _a978-5-346-02742-3
_bч. 2
_910000
021 _aRU
_b2013-77351
_95327
035 _a(NLR Aleph) 010002024
090 _a9800919
_c9800919
100 _a20131107d2013 |||y0rusy50 ca
101 0 _arus
102 _aRU
105 _aa|||j|||000yy
200 1 _aЗадачник
_f[А.Г. Мордкович, Л.О. Денищева, Т.А. Корешкова и др.]
_gпод ред. А.Г. Мордковича
210 _d2013
_aБ. м.
215 _a271 с.
_cил.
300 _aАвт. указаны на обороте тит. л.
461 0 _1001RU\NLR\BIBL_A\010010355
_12000#$aАлгебра и начала математического анализа$e10-11 классы$eдля учащихся общеобразовательных учреждений (базовый уровень)$eв 2 ч.$fА.Г. Мордкович, П.В. Семенов$vЧ. 2
_1700#1$aМордкович$bА. Г.$gАлександр Григорьевич$f1940-$3RU\NLR\AUTH\77983$4070
_99850781
_aМордкович, А. Г. (1940-)
_cМосква
_d2013
_fА.Г. Мордкович, П.В. Семенов
_nМнемозина
_o10-11 классы : для учащихся общеобразовательных учреждений (базовый уровень) : в 2 ч.
_tАлгебра и начала математического анализа
_y9785346027409
_vЧ. 2
701 1 _4070
_7ca
_8rus
_aМордкович
_bА. Г.
_f1940-
_gАлександр Григорьевич
_9111018
_3RU\NLR\AUTH\77983
701 1 _aДенищева
_bЛ. О.
_gЛариса Олеговна
_4070
701 1 _aКорешкова
_bТ. А.
_gТатьяна Александровна
_4070
942 _cBOOK
980 _aNB